000 00694nam a2200289Ia 4500
005 20260324130757.0
008 008 260324s9999 xx 000 0 eng d
020 _a9781315234021
037 _aEBOOK
040 _aCRL
040 _beng
040 _cCRL
041 _2eng
041 _aeng
084 _qCRL
100 _aNick Trakakis; William L. Rowe
_91183046
245 0 _aWilliam L. Rowe on Philosophy of Religion
245 0 _bSelected Writings
260 _bTaylor and Francis
260 _c2007
365 _a
365 _b280
856 _uhttp://www.taylorfrancis.com/books/9781315234021
942 _cEBOOK
999 _c1779534
_d1779534